| 000 | 00559cam a22001577a 4500 | ||
|---|---|---|---|
| 008 | 180718b2003 xxu||||| |||| 00| 0 eng d | ||
| 020 | _a0821353500 | ||
| 082 | _aOA6x67 Ay48 | ||
| 245 |
_aNature tourism, conservation, and development in Kwazulu-Natal, Sourth Africa _cedited by Bruce Aylward and Ernst Lutz |
||
| 260 |
_aWashington, D.C. _bWorld Bank _c2003 |
||
| 300 | _a475p. | ||
| 650 | _aTourist trade and state - Kwazulu-Natal - South Africa | ||
| 650 | _aEcotourism - Kwazulu-Natal - South Africa | ||
| 700 | _aLutz, Ernst | ||
| 700 | _aAylward, Bruce | ||
| 999 |
_c289618 _d289618 |
||